| 000 | 00345nam a2200133Ia 4500 | ||
|---|---|---|---|
| 008 | 220204s9999 xx 000 0 und d | ||
| 082 |
_a57.085.23 _bADV.3 |
||
| 245 | 0 | _aAdvances in cell culture. V 03 | |
| 260 |
_aNew York _bAcademic _c1984 |
||
| 650 | _aCell culture | ||
| 650 | _aFlow cytometry | ||
| 650 | _aPlant tissue culture | ||
| 942 | _cBK | ||
| 999 |
_c40114 _d40114 |
||